Sanat - "Kotimaani ompi Suomi" - Statistics

Yleistilastot
  • Tätä visaa on pelattu 60 kertaa
  • Keskiarvotulos 42 / 100
Vastaustilastot
Vastaus % Oikein
Suomi
97%
Kotimaani
91%
ompi
91%
valko
74%
armas
71%
latva
71%
reunustaa
71%
siel
71%
siellä
71%
Siellä
71%
synnyin
71%
synnyinmaa
71%
tuomi
71%
laitaa
69%
ahon
66%
Ahon
66%
maa
66%
se
63%
äiti
54%
ensi
54%
kerran
54%
kuu
54%
kuulin
54%
laulun
51%
on
49%
kehdossa
46%
kun
46%
kyyneliin
46%
lehdossa
46%
mua
46%
päättyi
46%
hymyhuulin
43%
ja
43%
myöskin
43%
tuuditti
43%
Herran
40%
lempi
40%
lintuin
40%
ollut
40%
syttyi
40%
tahto
40%
liekö
37%
sydämiin
37%
sinne
23%
kieli
17%
kuljin
17%
maammon
17%
taaton
17%
kirkkahampi
14%
kuinka
14%
laidat
14%
maailman
14%
mailta
14%
mieli
14%
palaa
14%
rakastan
14%
teitä
14%
armahimmat
11%
askelissa
11%
mansikoista
11%
niityt
11%
punertuu
11%
viljavimmat
11%
juosta
9%
käki
9%
kukkuessa
9%
kullan
9%
laskin
9%
löysin
9%
marjamaat
9%
onnekkaat
9%
paimenessa
9%
piennä
9%
piipersin
9%
riemu
9%
rikkahin
9%
runsaat
9%
turva
9%
tuttavissa
9%
vuodet
9%
Ehtoja vastaavia visoja ei löytynyt
Tulosjakauma
Jokaisen tuloksen saaneiden osuus
Persentiili vastausten määrän mukaan
Tuloshistoriasi
Et ole pelannut tätä visaa